Me lo contó mi abuelito: 20 años concurso literario Historias de nuestra tierra
Gorde:
| Formatua: | Liburua |
|---|---|
| Hizkuntza: | gaztelania |
| Argitaratua: |
Santiago
FUCOA
2012
|
| Edizioa: | 1a. ed |
| Gaiak: | |
| Etiketak: |
Etiketa erantsi
Etiketarik gabe, Izan zaitez lehena erregistro honi etiketa jartzen!
|
MARC
| LEADER | 00000cam a2200000 a 4500 | ||
|---|---|---|---|
| 001 | UCD2085 | ||
| 003 | CL-VaPUC | ||
| 008 | 160414e20120000cl |||||||||||||||||spa|d | ||
| 020 | |a 9789567215447 | ||
| 082 | 0 | 4 | |a Ch863 |b MEL |2 21 |
| 245 | 1 | 0 | |a Me lo contó mi abuelito: 20 años concurso literario Historias de nuestra tierra |
| 250 | |a 1a. ed | ||
| 300 | |a 168 p | ||
| 942 | |c BK | ||
| 945 | |d 20160414 22:19:00 |a cmena | ||
| 260 | |a Santiago |b FUCOA |c 2012 | ||
| 650 | 0 | |a Cuentos chilenos |9 308280 | |
| 650 | 0 | |a Literatura chilena |9 308278 | |
| 583 | |a last modification |c 20160414 22:19:00 |k Rodrigo Vera | ||
| 999 | |c 363281 |d 363279 | ||